Você não consegue dormir, ursinho? (Record no. 47358)
[ view plain ]
| 000 -LÍDER | |
|---|---|
| campo de controle de tamanho fixo | 00306 a2200121 4500 |
| 001 - NÚMERO DE CONTROLE | |
| campo de controle | 47358 |
| 040 ## - FONTE DA CATALOGAÇÃO | |
| Instituição que transcreveu o registro | Anchieta - Aquarius |
| 100 ## - ENTRADA PRINCIPAL--NOME PESSOAL | |
| Nome pessoal | Waddel, Martin |
| 240 10 - TÍTULO UNIFORME | |
| Título uniforme | Você não consegue dormir, ursinho? |
| Idioma da obra | por |
| 245 10 - TÍTULO | |
| Título | Você não consegue dormir, ursinho? |
| 650 #4 - ASSUNTO--TERMO TÓPICO | |
| Cabeçalho tópico ou nome geográfico | Literatura infantil |
| 942 ## - ELEMENTOS DE ENTRADA ADICIONADOS (KOHA) | |
| Tipo de material Koha | Livros |
| Situação do descarte | Situação das perdas | Situação física | Não pode ser emprestado | Biblioteca de origem | Biblioteca atual | Data de aquisição | Total de empréstimos | Número de chamada completo | Código de barras | Data de último acesso | Data do preço efetivo | Tipo de material Koha |
|---|---|---|---|---|---|---|---|---|---|---|---|---|
| Colégio Anchieta - Aquarius | Colégio Anchieta - Aquarius | 21/11/2023 | LI 028.5 WAD VOC | 5970/AQU | 21/11/2023 | 21/11/2023 | Livros |